L'Égypte et la France /

محفوظ في:

المؤلف الرئيسي: Riaux, Francis-Marie, (1810-1883) (مؤلف)

التنسيق: كتاب

اللغة: French

منشور في: Paris : impr. de D. Jouaust, 1870.

الموضوعات:

الوسوم: إضافة وسم

لا توجد وسوم, كن أول من يضع وسما على هذه التسجيلة!

رقم الطلب: DT104 .R48 1870

LEADER 00672namaa2200229 4500
001 14000
003 OSt
005 20250505111320.0
008 130303s1870 fr 000 0 fre d
040 |c ARCE Library 
043 |a f-ua---  |a e-fr--- 
050 4 |a DT104 .R48 1870 
100 1 |a Riaux, Francis-Marie,   |d (1810-1883),   |e author  |9 38404 
245 1 2 |a L'Égypte et la France /  |c par Francis Riaux. 
264 1 |a Paris :  |b impr. de D. Jouaust,   |c 1870. 
300 |a 106 pages ;  |c 24 cm. 
650 0 |a Diplomatic relations. 
651 0 |a Egypt  |x Foreign relations  |z France. 
651 0 |a France  |x Foreign relations  |z Egypt. 
901 |a reviewed 
942 |c BK  |2 lcc 
999 |c 13494  |d 13494